000
00298nam a2200109Ia 4500
008
171211s9999 xx 000 0 und d
245
_a
Popular Stories of Ancient Egypt
245
_c
Hasan M. El-Shamy
260
_c
2002
650
_x
CULTURE
856
_u
http://down.ebook777.com/062/1576076393.pdf
999
_c
347829
_d
347829